| 000 | 004280000a22001810004500 | ||
|---|---|---|---|
| 003 | MACL | ||
| 005 | 20150916125458.0 | ||
| 008 | 150916b xxu||||| |||| 00| 0 eng d | ||
| 040 |
_aMACL _cMACL |
||
| 041 | _aEnglish | ||
| 082 | _a823/RAM | ||
| 100 |
_aRamachandra, Keerti _911340 |
||
| 245 | _aKatha Regional Fiction | ||
| 260 |
_bKatha _c1995 _aNew Delhi |
||
| 350 | _a120 | ||
| 650 |
_aFiction _911562 |
||
| 942 |
_cBK _k823 _2ddc |
||
| 999 |
_c2413 _d2413 |
||